| 000 | 01289pam a2200385 a 4500 | ||
|---|---|---|---|
| 001 | 2107104 | ||
| 003 | OSt | ||
| 005 | 20260622072616.0 | ||
| 008 | 960612s1997 nyua b 001 0 eng | ||
| 010 | _a 96028119 | ||
| 020 |
_a0070318026 _qalk. paper |
||
| 020 |
_a9780070318021 _q(alk. paper) |
||
| 035 | _a2107104 | ||
| 040 |
_aDLC _cDLC _dDLC |
||
| 050 | 0 | 0 |
_aHQ12 _b.H82 1997 |
| 082 | 0 | 0 |
_a306.7 _220 |
| 100 | 1 | _aHyde, Janet Shibley. | |
| 245 | 1 | 0 |
_aUnderstanding human sexuality / _cJanet Shibley Hyde, John D. DeLamater. |
| 250 | _a6th ed. | ||
| 260 |
_aNew York : _bMcGraw-Hill Companies, _cc1997. |
||
| 300 |
_axxx, 685 p. : _bill. (some col.) ; _c27 cm. |
||
| 336 |
_atext _btxt _2rdacontent |
||
| 337 |
_aunmediated _bn _2rdamedia |
||
| 338 |
_avolume _bnc _2rdacarrier |
||
| 504 | _aIncludes bibliographical references (p. 605-635) and index. | ||
| 650 | 0 | _aSex. | |
| 650 | 0 | _aSex customs. | |
| 650 | 0 | _aSexual health. | |
| 650 | 0 | _aSex (Psychology) | |
| 700 | 1 | _aDeLamater, John D. | |
| 906 |
_a7 _bcbc _corignew _d1 _eocip _f19 _gy-gencatlg |
||
| 942 |
_2lcc _cBK |
||
| 999 |
_c266381 _d266380 |
||